Príklady a úlohy z anorganickej chémie

Salvato in:
Dettagli Bibliografici
Autori principali: Mašlejová, Anna, 1949-, Valigura, Dušan, 1948- (Autore), Kotočová, Adela (Autore), Ondrejkovičová, Iveta (Autore), Papánková, Blažena (Autore), Segľa, Peter, 1956- (Autore), Šima, Jozef (Autore)
Natura: Libro
Lingua:slovacco
Pubblicazione: Bratislava Slovenská technická univerzita 1996
Edizione:1. vyd.
Serie:Edícia skrípt
Soggetti:
Accesso online:Visualizza in OPAC
Tags: Aggiungi Tag
Nessun Tag, puoi essere il primo ad aggiungerne!!

MARC

LEADER 00000cam a2200000 a 4500
005 20260127134104.0
008 180619s1996 xo a e 00000 slo
015 |a SNBA1997/0902511 
020 |a 8022708844  |q (brož.) 
035 |a vtls001221193 
035 |a SNK000166323 
035 |a urn:nbn:sk:snk-amkpil 
035 |a urn:nbn:sk:snk-am005ezq 
035 |a 7A47B6E6-E92E-40CC-8A6D-64848896B7DF 
039 9 |a 202007091014  |b AUTHORITY  |c 202007091002  |d AUTHORITY  |c 202005211016  |d AUTHORITY  |c 202005210934  |d AUTHORITY  |y 200412261242  |z VLOAD 
040 |a SNK  |b slo  |c SNK  |d STUSCHK1  |d SNK  |e AACR2 
041 0 |a slo 
044 |a xo  |c SK 
080 |a 546(075.8)(076.5)  |2 1981 
100 1 |a Mašlejová, Anna,  |d 1949-  |9 1196 
245 1 0 |a Príklady a úlohy z anorganickej chémie  |c Anna Mašlejová ... [et al.] 
250 |a 1. vyd. 
260 |a Bratislava  |b Slovenská technická univerzita  |c 1996 
300 |a 43 s.  |b tab.  |c 20 cm 
366 |e 250 výt. 
490 1 |a Edícia skrípt 
650 0 7 |a anorganická chémia  |2 SNKPH 
650 0 7 |a úlohy  |2 SNKPH 
655 7 |a učebnice vysokých škôl  |2 SNKPH 
700 1 |a Valigura, Dušan,  |d 1948-  |4 aut  |9 166 
700 1 |a Kotočová, Adela  |4 aut 
700 1 |a Ondrejkovičová, Iveta  |4 aut 
700 1 |a Papánková, Blažena  |4 aut  |9 373 
700 1 |a Segľa, Peter,  |d 1956-  |4 aut  |9 374 
700 1 |a Šima, Jozef  |4 aut 
752 |d Bratislava 
810 2 |a Slovenská technická univerzita v Bratislave  |b Chemickotechnologická fakulta  |t Edícia skrípt 
910 |a SCHK95 
911 |a KN 1997/09  |b 02511 
919 |a 80-227-0884-4 
958 |a TL 
999 |c 3812  |d 3812